BLEEDING INDIA: FOUR AGGRESSORS, THOUSANDS CUTS (Record no. 28047)

MARC details
000 -LEADER
fixed length control field 00353nam a22001457a 4500
003 - CONTROL NUMBER IDENTIFIER
control field SGT
020 ## - INTERNATIONAL STANDARD BOOK NUMBER
International Standard Book Number 9781942426455
082 ## - DEWEY DECIMAL CLASSIFICATION NUMBER
Classification number 320.954
Item number B20S
100 ## - MAIN ENTRY--PERSONAL NAME
Personal name SINGH, BINAY KUMAR
245 ## - TITLE STATEMENT
Title BLEEDING INDIA: FOUR AGGRESSORS, THOUSANDS CUTS
260 ## - PUBLICATION, DISTRIBUTION, ETC. (IMPRINT)
Name of publisher, distributor, etc GARUDA PRAKASHAN PVT.LTD
Year of Publication B20S
300 ## - PAGE DESCRIPTION
No. of Pages 2020
650 ## - SUBJECT ADDED ENTRY--TOPICAL TERM
Topical term or geographic name as entry element SOCIAL SCIENCE
942 ## - ADDED ENTRY ELEMENTS (KOHA)
Source of classification or shelving scheme Dewey Decimal Classification
Koha item type Books
Holdings
Withdrawn status Lost status Source of classification or shelving scheme Damaged status Not for loan Home library Current library Shelving location Date acquired Cost, normal purchase price SGTU Full call number Accession No. (Barcode) Date last seen Bill Date Koha item type
    Dewey Decimal Classification   Not For Loan SGT Chancellor's Library SGT Chancellor's Library Reference Book 12/12/2024 399.00 SGTU 320.954 B20S CH1013 12/12/2024 12/12/2024 Books